000 00868nam a2200241 i 4500
001 73124
003 ES-MaACL
005 20250807065802.0
007 t|
008 040907s1921 sp ||||1| spa d
100 1 _aGómez Carrillo, Enrique,
_d1873-1927
_957861
245 1 3 _aEl segundo libro de las mujeres
_b: Safo, Friné y otras seductoras /
_cEnrique Gómez Carrillo.
260 _aMadrid :
_bMundo Latino,
_c1921 (
_fYagües)
300 _a230 p. ;
_c20 cm.
490 1 _aObras completas ;
_v22
530 _aDisponible también en sitio web.
650 0 7 _aMujeres
_2embne
_915251
830 0 _aObras completas ;
_v22
_9176447
852 _aES-MaACL
_jB-4231
_cSPB
_zRevisado enlace: 22 de julio de 2025
856 4 _uhttp://bdh.bne.es/bnesearch/detalle/bdh0000081672
_y(Biblioteca Digital Hispanica)
942 _2udc
999 _c73124
_d73124